[Event "Unterfranken-ch M2 56th"]
[Site "Stetten"]
[Date "2005.03.30"]
[Round "5"]
[White "Weikert, Benedikt"]
[Black "Teixeira, Paulo Gustavo GA"]
[Result "1-0"]
[WhiteElo "1613"]
[BlackElo "1600"]
[PlyCount "81"]
[EventDate "2005.03.28"]
[EventType "swiss"]
[EventRounds "9"]
[EventCountry "GER"]
[SourceTitle "EXT 2015"]
[Source "ChessBase"]
[SourceDate "2014.11.20"]
[SourceVersion "1"]
[SourceVersionDate "2014.11.20"]
[SourceQuality "1"]

1. d4 Nf6 2. c4 e6 3. Nc3 Bb4 4. Bg5 c5 5. d5 0-0 6. e4 h6 7. Bxf6 Qxf6 8. Qc2 d6 9. Nf3 Nd7 10. Bd3 Bxc3+ 11. Qxc3 Qxc3+ 12. bxc3 exd5 13. cxd5 a6 14. a4 Re8 15. 0-0 Nf6 16. Nd2 Bd7 17. Nc4 Nxe4 18. Bxe4 Rxe4 19. Nxd6 Rxa4 20. Nxb7 c4 21. Nc5 Rxa1 22. Rxa1 Bb5 23. d6 Kf8 24. d7 Rd8 25. Rd1 Bxd7 26. Rxd7 Rxd7 27. Nxd7+ Ke7 28. Nb6 Kd6 29. Nxc4+ Kc5 30. Nb2 f5 31. Kf1 g5 32. Ke2 f4 33. g3 fxg3 34. fxg3 Kd5 35. Ke3 h5 36. c4+ Kc5 37. Ke4 Kb4 38. Kd5 Kb3 39. Nd1 a5 40. Kd4 Kb4 41. Nc3 1-0

[Event "Unterfranken-ch M2 56th"]
[Site "Stetten"]
[Date "2005.03.28"]
[Round "1"]
[White "Marx, Peter1111"]
[Black "Weikert, Benedikt"]
[Result "1-0"]
[WhiteElo "1842"]
[BlackElo "1613"]
[PlyCount "57"]
[EventDate "2005.03.28"]
[EventType "swiss"]
[EventRounds "9"]
[EventCountry "GER"]
[SourceTitle "EXT 2015"]
[Source "ChessBase"]
[SourceDate "2014.11.20"]
[SourceVersion "1"]
[SourceVersionDate "2014.11.20"]
[SourceQuality "1"]

1. b4 e5 2. Bb2 Bxb4 3. Bxe5 Nc6 4. Bxg7 f6 5. Bxh8 Qe7 6. e3 Nh6 7. Qh5+ Nf7 8. Bc4 Nce5 9. Bxf7+ Qxf7 10. Qxf7+ Kxf7 11. a3 Ba5 12. Ne2 d5 13. Nbc3 c6 14. Rb1 Bb6 15. Bxf6 Kxf6 16. d3 Be6 17. h3 c5 18. Rb5 Nc6 19. Kd2 Rb8 20. Rhb1 Nd8 21. Nf4 Ke5 22. Nxe6 Nxe6 23. f4+ Kd6 24. Rxb6+ axb6 25. Rxb6+ Kd7 26. Nxd5 Ra8 27. Rxb7+ Kc6 28. Rb6+ Kd7 29. Rxe6 1-0

[Event "Unterfranken-ch HT 54th"]
[Site "Moembris"]
[Date "2003.04.26"]
[Round "9"]
[White "Biskopp, Wolf Ulrich"]
[Black "Weikert, Benedikt"]
[Result "0-1"]
[WhiteElo "1540"]
[BlackElo "1518"]
[PlyCount "61"]
[EventDate "2003.04.21"]
[EventType "swiss"]
[EventRounds "9"]
[EventCountry "GER"]
[SourceTitle "EXT 2015"]
[Source "ChessBase"]
[SourceDate "2014.11.20"]
[SourceVersion "1"]
[SourceVersionDate "2014.11.20"]
[SourceQuality "1"]

1. d4 Nf6 2. c4 e6 3. Nf3 d5 4. Bg5 Nbd7 5. Nc3 Be7 6. e3 c6 7. a3 dxc4 8. Bxc4 Nd5 9. Bxe7 Qxe7 10. Rc1 N7f6 11. 0-0 0-0 12. b4 Bd7 13. Ne5 Nxc3 14. Rxc3 Rac8 15. Qd2 Nd5 16. Bxd5 cxd5 17. Qc2 Rxc3 18. Qxc3 Rc8 19. Qd2 Bb5 20. Rc1 Bc4 21. Qe2 b5 22. Qg4 f6 23. Nd3 f5 24. Qg3 a5 25. Nc5 axb4 26. axb4 Ra8 27. Qe5 Kf7 28. f3 Ra3 29. g4 fxg4 30. fxg4 Qf6 31. Rf1 0-1

[Event "Unterfranken-ch HA 53th"]
[Site "Wuerzburg"]
[Date "2002.??.??"]
[Round "?"]
[White "Metzger, Dieter"]
[Black "Weikert, Benedikt"]
[Result "0-1"]
[WhiteElo "1355"]
[BlackElo "1325"]
[PlyCount "122"]
[EventDate "2002.04.01"]
[EventType "swiss"]
[EventRounds "9"]
[EventCountry "GER"]
[SourceTitle "EXT 2015"]
[Source "ChessBase"]
[SourceDate "2014.11.20"]
[SourceVersion "1"]
[SourceVersionDate "2014.11.20"]
[SourceQuality "1"]

1. c4 e5 2. g3 Nc6 3. Bg2 d6 4. Nc3 Be6 5. b3 Nf6 6. Nf3 Be7 7. 0-0 0-0 8. e4 Qd7 9. Ng5 Bg4 10. f3 Bh5 11. Bh3 Qd8 12. g4 Bg6 13. Bg2 Nxg4 14. Nxf7 Rxf7 15. fxg4 Qf8 16. d3 Nb4 17. a3 Rxf1+ 18. Bxf1 Nc6 19. Nd5 Bd8 20. Be3 Ne7 21. Nb4 c5 22. Nc2 Nc6 23. Ne1 Rb8 24. Ra2 Be7 25. Bg2 Qd8 26. Nf3 Bf7 27. Qd2 Be6 28. g5 b5 29. Rb2 Qb6 30. Bf1 bxc4 31. dxc4 Na5 32. Qc3 Nc6 33. Nd2 Qd8 34. Nf3 Qf8 35. Rf2 g6 36. Nxe5 Qg7 37. Bf4 dxe5 38. Be3 Rf8 39. Rd2 Nd4 40. Rf2 Rxf2 41. Kxf2 Qf7+ 42. Kg1 Bh3 43. Qd3 Bxf1 44. Qxf1 Qxf1+ 45. Kxf1 Nxb3 46. Ke2 Nd4+ 47. Kd3 Kf7 48. h4 Nf3 49. Bf2 Kg7 50. Ke3 Nd4 51. Kd3 h6 52. Be3 hxg5 53. hxg5 Nf3 54. Kc3 Nxg5 55. Kb3 Nxe4 56. Ka4 g5 57. Kb5 g4 58. Ka6 g3 59. Kxa7 g2 60. Kb6 Nd2 61. Kc6 Nxc4 0-1